| 000 | 00818nac a22001811u 4500 | ||
|---|---|---|---|
| 008 | 090318t xxu||||| |||| 00| 0 eng d | ||
| 010 | _a 2001042476 | ||
| 082 | 0 | 0 | _a658.4 |
| 245 | 0 | 0 |
_aManaging for excellence / _cMoi Ali ... [et al.] ; [introduction by Robert Heller]. |
| 246 | 3 | _aManaging for excellence | |
| 250 | _a1st American ed. | ||
| 260 |
_aNew York : _bDK Pub.,2001 _c2001. |
||
| 300 |
_a864 p. : _bcol. ill. ; _c22 cm. |
||
| 500 | _aIncludes index. | ||
| 505 | 0 | _aAchieving excellence -- Leading effectively -- Managing people -- Coaching successfully -- Managing projects -- Thinking strategically -- Managing budgets -- Understanding accounts --Selling successfully -- Marketing effectively -- Understanding information technology -- Moving to E-business. | |
| 651 | _2BUEsh | ||
| 942 |
_cNB _k658.4 _2ddc |
||
| 999 |
_c2540 _d2540 |
||